=LDR 00000nam 2200000 4500 =001 INLIS000000000037575 =005 20130612143312 =008 ***********************************Ind** =035 ##$$0010-061300000037575 =041 ##$$a Ind =082 ##$$a 129 =090 ##$$a 129, San s =100 ##$$a Santoso, Hieronymus Budi =245 ##$$a 100 persen OB orang beruntung, Hieronymus Budi Santoso =260 ##$$a 2011 $b Yogyakarta =300 ##$$a 160 hlm, 15 cm =650 ##$$a Keberuntungan =850 ##$$a NBPNMAT =990 ##$$a 0001/BPAP-NTB/20142015